Three Seconds from Eternity. Photographs by Robert Doisneau
Saved in:
| Hovedforfatter: | |
|---|---|
| Andre forfattere: | |
| Format: | Ukendt |
| Sprog: | engelsk |
| Udgivet: |
Boston, USA
New York Graphic Society,
1980
|
| Fag: | |
| Tags: |
Tilføj Tag
Ingen Tags, Vær først til at tagge denne postø!
|
MARC
| LEADER | 00000 a2200000 4500 | ||
|---|---|---|---|
| 003 | CL-VaPUC | ||
| 005 | 20210825112013.0 | ||
| 008 | 210720b1980 ||||| |||| 00| 0 eng d | ||
| 999 | |c 433321 |d 433319 | ||
| 020 | |a 0821210963 | ||
| 040 | |c Pontificia Universidad Católica de Valparaíso | ||
| 082 | |a 770.92 DOI 1980 | ||
| 100 | 1 | |a Doisneau, Robert |9 862126 |e fotógrafo | |
| 245 | 1 | |a Three Seconds from Eternity. |b Photographs by Robert Doisneau | |
| 260 | |a Boston, USA |b New York Graphic Society, |c 1980 | ||
| 300 | |a 143 páginas; |b fotografías en blanco y negro | ||
| 583 | |k Cristina Rojas |c 20210720 | ||
| 600 | 1 | |a Doisneau, Robert |d 1912-1994 |z Francia |9 862277 | |
| 650 | 0 | |a Fotografía artística |9 269391 | |
| 700 | |a Menkes, Vivienne |e traducción |9 862230 | ||
| 942 | |2 ddc |c BK | ||
| 952 | |0 0 |1 0 |2 ddc |4 0 |6 770_920000000000000_DOI_1980 |7 0 |8 R |9 578418 |a BIBART |b BIBART |d 2021-07-15 |e 139 |g 0.00 |i 5586305 |o 770.92 DOI 1980 |p 5586305 |r 2025-03-13 |t 1 |v 0.00 |w 2021-07-15 |y BK_R |k ART | ||